La muda / (Registro nro. 3239)

000 -CABECERA
campo de control de longitud fija 01659nam a2200313 u 4500
001 - NÚMERO DE CONTROL
campo de control 000049149
005 - FECHA Y HORA DE LA ÚLTIMA TRANSACCIÓN
campo de control 20200120222627.0
008 - DATOS DE LONGITUD FIJA--INFORMACIÓN GENERAL
campo de control de longitud fija 120530s2010 ck br 000 f spa d
020 ## - NÚMERO INTERNACIONAL ESTÁNDAR DEL LIBRO
Número Internacional Estándar del Libro 9789588662077.
043 ## - CÓDIGO DE ÁREA GEOGRÁFICA
Código de área geográfica s-ck---
090 ## - LOCALMENTE ASIGNADO TIPO-LC NÚMERO DE CLASIFICACIÓN (OCLC); NÚMERO DE CLASIFICACIÓN LOCAL (RLIN)
Número de clasificación (OCLC) (R) ; Numero de clasificación, CALL (RLIN) (NR) N
Número cutter local (OCLC) ; Número de libro/Signatura topográfica íntegra, CALL (RLIN) MONIm
100 1# - ENTRADA PRINCIPAL--NOMBRE DE PERSONA
Nombre de persona Montaña Ibañez, Francisco,
Fechas asociadas al nombre 1966-.
245 13 - MENCIÓN DE TÍTULO
Título La muda /
Mención de responsabilidad, etc. Francisco Montaña Ibáñez ; ilustraciones de Daniel Rabanal ; producción Jairo Mora.
250 ## - MENCIÓN DE EDICIÓN
Mención de edición 1a. ed.
260 ## - PUBLICACIÓN, DISTRIBUCIÓN, ETC.
Lugar de publicación, distribución, etc. Bogotá :
Nombre del editor, distribuidor, etc. Random House Mondadori
-- Sudamericana,
Fecha de publicación, distribución, etc. 2010.
300 ## - DESCRIPCIÓN FÍSICA
Extensión 104 p. :
Otras características físicas il.
490 #0 - MENCIÓN DE SERIE
Mención de serie Colección La Biblioteca
500 ## - NOTA GENERAL
Nota general Incluye información biográfica del autor en la pasta.
500 ## - NOTA GENERAL
Nota general Audiencia : A partir de 12 años.
500 ## - NOTA GENERAL
Nota general Ej.1 de Mosquera donado por la Biblioteca Nacional - PNLB 2012.
520 3# - SUMARIO, ETC.
Sumario, etc. "Novela corta que narra las desventuras de una niña y su hermano, pertenecientes a un barrio popular, que deben trabajar obligados por su abuela, para poder subsistir en un ambiente hostil, donde la aventura y los descubrimientos casuales, serán la salida para mitigar su realidad turbadora. El lector encontrará un lenguaje sugerente, poético, sumamente descriptivo y cargado de detalles, de recuerdos y sensaciones, donde la realidad social de sus protagonistas hace hincapié en una situación de desprotección infantil y violencia familiar, temas principales en la narración."
650 14 - PUNTO DE ACCESO ADICIONAL DE MATERIA--TÉRMINO DE MATERIA
Término de materia o nombre geográfico como elemento de entrada Novela infantil.
650 24 - PUNTO DE ACCESO ADICIONAL DE MATERIA--TÉRMINO DE MATERIA
Término de materia o nombre geográfico como elemento de entrada Literatura infantil.
650 24 - PUNTO DE ACCESO ADICIONAL DE MATERIA--TÉRMINO DE MATERIA
Término de materia o nombre geográfico como elemento de entrada Literatura colombiana.
650 24 - PUNTO DE ACCESO ADICIONAL DE MATERIA--TÉRMINO DE MATERIA
Término de materia o nombre geográfico como elemento de entrada Imaginación en la literatura.
650 24 - PUNTO DE ACCESO ADICIONAL DE MATERIA--TÉRMINO DE MATERIA
Término de materia o nombre geográfico como elemento de entrada Fantasía en la literatura.
700 1# - PUNTO DE ACCESO ADICIONAL--NOMBRE DE PERSONA
Nombre de persona Rabanal, Daniel,
Fechas asociadas al nombre 1949-,
Término indicativo de función/relación il.
700 1# - PUNTO DE ACCESO ADICIONAL--NOMBRE DE PERSONA
Nombre de persona Mora, Jairo,
Término indicativo de función/relación prod.
Existencias
Estado de retiro Estado de pérdida Fuente del sistema de clasificación o colocación Estado dañado No para préstamo Código de colección Localización permanente Ubicación/localización actual Fecha de adquisición Número de inventario Total de préstamos Signatura topográfica completa Código de barras Fecha visto por última vez Fecha del último préstamo Número de copia Precio válido a partir de Tipo de ítem Koha Nota pública
          Literatura Infantil Biblioteca Pública San Juan Bosco Biblioteca Pública San Juan Bosco 20/01/2020 112794 1 N MONI MOS001428 06/10/2022 20/09/2022 ej.1 20/01/2020 Libro Literatura Quince días

© Todos los derechos reservados para la Biblioteca Pública Municipal San Juan Bosco, 2020
Secretaria de Cultura de Mosquera
Carrera 3 N° 10 Esquina Centro Cultural Barrio El Carmén Teléfono: 8270830 Ext: 34
Funcionando con KOHA
Contacto: Biblioteca Pública Municipal San Juan Bosco/ bibliotecasanjuanbosco@mosquera-cundinamarca.gov.co
Mosquera, Cundinamarca